Supernatural Castiel Quiz - Statistics

General Stats
  • This quiz has been taken 228 times
  • The average score is 11 of 15
Answer Stats
Hint Answer % Correct
What season does he first appear 4
95%
What is the actor's name Misha Collins
95%
Vessel's name Jimmy Novak
94%
Is Castiel the best character ever, this is obvious Yes
94%
What is him and Dean's 'ship' name Destiel
92%
What species did he become in season 9 Human
85%
Who does he let possess him in season 11 Lucifer
85%
"Dean and I do share a more ........ bond" Profound
76%
What is his and Sam's 'ship' name Sastiel
71%
Thanks to who ^ Metatron
70%
What does Meg call Cass as his nickname Clarence
60%
What does he call the kiss he and Meg share The Pizza Man
50%
How does he die in season 12 Stabbed by Lucifer
47%
Who does he lose his virginity to April
41%
Dean: "Are you stoned? Cass: " ......... ,Yeah" Generally
34%
No matching quizzes found
Score Distribution
Percent of People with Each Score
Percentile by Number Answered
Your Score History
You have not taken this quiz